DC's Legends of Tomorrow - Statistics

General Stats
  • This quiz has been taken 857 times
  • The average score is 12 of 15
Answer Stats
Hint Answer % Correct
Time Master and leader of the team Rip Hunter
97%
Billionaire genius from Star City with a suit that gives him the ability to shrink The A.T.O.M
96%
When Professor Martin Stein an Jefferson 'Jax' Jackson merge with each other they become... Firestorm
95%
Former enemy of The Flash, he has a gun that freezes stuff Captain Cold
94%
Former member of the League of Assasians and Black Canary's sister White Canary
94%
His partner in crime who can burn things with his special gun Heatwave
91%
The "Hawk-winged demigoddess" who reincarnates when she dies Hawkgirl
87%
Her lover who is also has Hawk-like wings and reincarnates Hawkman
87%
The name of the computer in the ship. Gideon
85%
"We may not be heroes but if we succeed, we wil be known as..." Legends
85%
Immortal conqueror who conquers the planet in the future Vandal Savage
85%
The name of Rip Hunter's ship the team uses to travel time The Waverider
76%
The Organization Rip was part of The Time Masters
74%
Temporal Bounty Hunter who has been Hunting down the team Chronos
52%
Beautiful Soviet Scientist who was working with Vandal to copy Firestorm Valentina Vostok
22%
No matching quizzes found
Score Distribution
Percent of People with Each Score
Percentile by Number Answered
Your Score History
You have not taken this quiz